| 000 | 00678 a2200193 4500 | ||
|---|---|---|---|
| 005 | 20190806102650.0 | ||
| 008 | 190610b1981 fr ||||| |||| 00| 0 fre d | ||
| 020 | _a2862821578 | ||
| 040 |
_aCO-BoUCM _bspa _cOscar Ávila (modificó) _dOscar Ávila (modificó) |
||
| 041 | 0 | _afre | |
| 100 | 1 | 0 |
_aVillard, Michel _997059 |
| 245 | 1 | 0 |
_aDroit et pratique des marchés publics de travaux _bpassation, exécution, financement _cMichel Villard |
| 260 |
_bMoniteur _c1981 _aParis _g1981 |
||
| 650 | 7 |
_97494 _aDerecho |
|
| 700 | 1 | 0 |
_aBachelot, Yves _997060 |
| 700 | 1 | 0 |
_aRoméro, Jean-Michel _997061 |
| 942 |
_cLIBRO _2DEWEY _a8 _e1 _h340 _mV719d _n0 |
||
| 999 |
_c313053 _d313053 |
||